书目信息 |
| 题名: |
分析力学
|
|
| 作者: | 王振发 编 | |
| 分册: | ||
| 出版信息: | 北京 科学出版社 2003.01 |
|
| 页数: | 202页 | |
| 开本: | 23cm | |
| 丛书名: | 21世纪高等院校教材 | |
| 单 册: | ||
| 中图分类: | O316 | |
| 科图分类: | ||
| 主题词: | 分析力学--fen xi li xue--高等学校--教材 | |
| 电子资源: | ||
| ISBN: | 7-03-009746-7 | |
| 000 | 00777nam 2200265 450 | |
| 001 | CAL 012002068433 | |
| 005 | 20041221145139.5 | |
| 010 | @a7-03-009746-7@d18.00CNY | |
| 099 | @aCAL 012002068433 | |
| 100 | @a20020405d2003 ekmy0chiy0121 ea | |
| 101 | 0 | @achi |
| 102 | @aCN@b110000 | |
| 105 | @aa a 000yy | |
| 200 | 1 | @a分析力学@Afen xi li xue@f王振发编 |
| 210 | @a北京@c科学出版社@d2003.01 | |
| 215 | @a202页@c图@d23cm | |
| 225 | 2 | @a21世纪高等院校教材@A21 shi ji gao deng yuan xiao jiao cai@i工科类 |
| 320 | @a有书目 (第202页) | |
| 410 | 0 | @12001 @a21世纪高等院校教材 |
| 606 | 0 | @a分析力学@Afen xi li xue@x高等学校@j教材 |
| 690 | @aO316@v4 | |
| 701 | 0 | @a王振发@Awang zhen fa@4编 |
| 801 | 0 | @aCN@bSJT@c20020404 |
| 905 | @a10447@dO316@eW460 | |
| 998 | @aSJT | |
| 分析力学/王振发编.-北京:科学出版社,2003.01 |
| 202页:图;23cm.-(21世纪高等院校教材.工科类) |
| ISBN 7-03-009746-7:18.00CNY |
| ● |
| 相关链接 |
|
|
|
正题名:分析力学
索取号:O316/W460
 
预约/预借
| 序号 | 登录号 | 条形码 | 馆藏地/架位号 | 状态 | 备注 |
| 1 | 538023 | 205380238 | 自科库401/401自科库 52排1列3层/ [索取号:O316/W460] | 在馆 | |
| 2 | 538024 | 205380247 | 自科库401/401自科库 52排1列3层/ [索取号:O316/W460] | 在馆 | |
| 3 | 538025 | 205380256 | 自科库401/401自科库 52排1列3层/ [索取号:O316/W460] | 在馆 |